Practical applications of recent lac research / (Record no. 14140)
[ view plain ]
| 000 -LEADER | |
|---|---|
| fixed length control field | 00600nam a22002173 4500 |
| 001 - CONTROL NUMBER | |
| control field | 14140 |
| 003 - CONTROL NUMBER IDENTIFIER | |
| rucl marc code | BD-RjUL |
| 005 - DATE AND TIME OF LATEST TRANSACTION | |
| control field | 20211208235558.0 |
| 008 - FIXED-LENGTH DATA ELEMENTS--GENERAL INFORMATION | |
| fixed length control field | 140205s1948 xx 000 0 und d |
| 035 ## - SYSTEM CONTROL NUMBER | |
| System control number | (BD-RjUL)14192 |
| 040 ## - CATALOGING SOURCE | |
| Original cataloging agency | EQO |
| Transcribing agency | EQO |
| Language of cataloging | eng |
| Modifying agency | BD-RjUL |
| 041 ## - LANGUAGE CODE | |
| Language code of text/sound track or separate title | eng |
| 082 ## - DEWEY DECIMAL CLASSIFICATION NUMBER | |
| Classification number | 638.3 |
| Author mark and year | PRA |
| 245 00 - TITLE STATEMENT | |
| Title | Practical applications of recent lac research / |
| Statement of responsibility, etc. | ed. by H.K. Sen and M. Venugopalan. |
| 250 ## - EDITION STATEMENT | |
| Edition statement | New ed. |
| 260 ## - PUBLICATION, DISTRIBUTION, ETC. (IMPRINT) | |
| Place of publication, distribution, etc. | Bombay &c. : |
| Date of publication, distribution, etc. | 1948. |
| Name of publisher, distributor, etc. | Orien Longmans , |
| 300 ## - PHYSICAL DESCRIPTION | |
| Pagination | 123 p. ; |
| Size | 25cm. |
| 700 1# - ADDED ENTRY--PERSONAL NAME | |
| Personal name | Sen, H. K. |
| Personal name | Venugopalan, M. |
| 942 ## - ADDED ENTRY ELEMENTS (KOHA) | |
| Source of classification or shelving scheme | Dewey Decimal Classification |
| Koha item type | Books |
| Lost status | Source of classification or shelving scheme | Damaged status | Not for loan | Collection code | Permanent Location | Current Location | Shelving location | Date acquired | Source of acquisition | Cost, normal purchase price | Total Checkouts | Full call number | Date last seen | Copy number | Koha item type |
|---|---|---|---|---|---|---|---|---|---|---|---|---|---|---|---|
| Dewey Decimal Classification | Not For Loan | Non-fiction | Central Library, University of Rajshahi | Central Library, University of Rajshahi | Reading Room | 04/04/1962 | Colombo plan gratis | 0.00 | 638.3 PRA 1948 | 05/02/2014 | C-1 | Books |